000 00802nam a2200217Ii 4500
003 JO-AjNU
008 230605s9999||||xx |||||||||||||| ||und||
017 _a2007/7/2292
040 _aJO-AjNU
_bara
_erda
_cJO-AjNU
041 _aara
050 1 4 _aHF 5635.A2892 2008
100 3 _aابو نصار، محمد,
_eauthor
_945200
245 0 0 _aالمحاسبة المالية: المادة العلمية والعملية للتأهيل لامتحان المحاسب القانوني الاردني=JCPA Review، ج1
250 _aط1
264 3 1 _aعمان: شركة صرح العالمية للاستشارات،2008
300 _a ج1، 295ص
336 _atext
_btxt
_2rdacontent
337 _aunmediated
_bn
_2rdamedia
338 _avolume
_bnc
_2rdacarrier
650 4 _aالمحاسبة
_945201
999 _aA19575
_c23143
_d23143